[Event "CZE-chT 0203"]
[Site "Czech Republic"]
[Date "2003.02.15"]
[Round "6"]
[White "Chloupek, Stanislav"]
[Black "Neckar, Lubomir"]
[Result "1-0"]
[WhiteElo "2350"]
[BlackElo "2297"]
[PlyCount "70"]
[EventDate "2002.10.01"]
[EventType "team"]
[EventRounds "11"]
[EventCountry "CZE"]
[SourceTitle "EXT 2004"]
[Source "ChessBase"]
[SourceDate "2003.11.25"]
[SourceVersion "1"]
[SourceVersionDate "2003.11.25"]
[SourceQuality "1"]
[WhiteTeam "Vysehrad"]
[BlackTeam "Kolin"]
[WhiteTeamCountry "CZE"]
[BlackTeamCountry "CZE"]

1. Nf3 d5 2. g3 e6 3. Bg2 Nf6 4. 0-0 Be7 5. c4 0-0 6. d4 b6 7. Nc3 Bb7 8. cxd5 exd5 9. Bf4 Na6 10. Rc1 c5 11. dxc5 bxc5 12. Ne5 Nc7 13. Qa4 Ne6 14. Rfd1 Nxf4 15. gxf4 Rb8 16. e3 a6 17. Rc2 Qd6 18. Rcd2 Qe6 19. Nxd5 Nxd5 20. Bxd5 Bxd5 21. Rxd5 Rxb2 22. R5d2 Rxd2 23. Rxd2 Bf6 24. Qd7 Qb6 25. Qd5 Bxe5 26. fxe5 Rc8 27. Qd7 Rb8 28. Qd6 Qb1+ 29. Rd1 Qg6+ 30. Kf1 Qxd6 31. Rxd6 Kf8 32. Rxa6 Ke7 33. f4 g6 34. h4 Rb2 35. Rc6 Rxa2 1-0

[Event "CZE-chT 0203"]
[Site "Czech Republic"]
[Date "2002.11.30"]
[Round "3"]
[White "Chloupek, Stanislav"]
[Black "Babula, Milan"]
[Result "1/2-1/2"]
[WhiteElo "2350"]
[BlackElo "2330"]
[PlyCount "86"]
[EventDate "2002.10.01"]
[EventType "team"]
[EventRounds "11"]
[EventCountry "CZE"]
[SourceTitle "EXT 2004"]
[Source "ChessBase"]
[SourceDate "2003.11.25"]
[SourceVersion "1"]
[SourceVersionDate "2003.11.25"]
[SourceQuality "1"]
[WhiteTeam "Vysehrad"]
[BlackTeam "Trinec"]
[WhiteTeamCountry "CZE"]
[BlackTeamCountry "CZE"]

1. Nf3 Nf6 2. d4 g6 3. Bg5 Bg7 4. Nbd2 c5 5. e3 0-0 6. c3 b6 7. a4 Nc6 8. Bd3 Bb7 9. 0-0 d6 10. Re1 Qc7 11. Qe2 a6 12. Bc4 Rfe8 13. Rac1 e5 14. dxe5 Nxe5 15. Nxe5 Rxe5 16. Bf4 Ree8 17. Nf3 Qc6 18. Qd1 d5 19. Be2 Rad8 20. Qb3 Ne4 21. Rcd1 h6 22. h3 Rd7 23. Qa2 g5 24. Bh2 Qf6 25. Rf1 Qc6 26. Rfe1 Qf6 27. Rf1 Qc6 28. Qb1 Kh8 29. Nd2 f5 30. Nxe4 fxe4 31. Bg4 Rde7 32. Qc2 Rd8 33. Ra1 Rf8 34. Bg3 Qg6 35. Qe2 Rd8 36. Rfd1 Qc6 37. Qc2 Qf6 38. Rd2 Qg6 39. Qd1 Rf8 40. Bh5 Qf6 41. Qe2 Rd8 42. b3 Qe6 43. Bg4 Qf7 1/2-1/2

[Event "CZE-chT 0102"]
[Site "Czech Republic"]
[Date "2002.04.06"]
[Round "10"]
[White "Chloupek, Stanislav"]
[Black "Obsivac, Josef"]
[Result "1-0"]
[WhiteElo "2330"]
[BlackElo "2348"]
[PlyCount "51"]
[EventDate "2001.10.20"]
[EventType "team-tourn"]
[EventRounds "11"]
[EventCountry "CZE"]
[SourceTitle "EXT 2019"]
[Source "ChessBase"]
[SourceDate "2018.10.10"]
[SourceVersion "1"]
[SourceVersionDate "2018.10.10"]
[SourceQuality "1"]
[WhiteTeam "Vysehrad SK Sokol"]
[BlackTeam "Grygov A64 Valoz"]
[WhiteTeamCountry "CZE"]
[BlackTeamCountry "CZE"]

1. Nf3 Nf6 2. d4 b5 3. Bg5 Bb7 4. Nbd2 a6 5. e3 e6 6. Bd3 c5 7. c3 Qb6 8. 0-0 Nc6 9. a4 b4 10. Nc4 Qa7 11. e4 cxd4 12. cxd4 d5 13. exd5 Nxd5 14. Be4 h6 15. Bh4 Nf4 16. Bg3 g5 17. Bxf4 gxf4 18. d5 0-0-0 19. dxc6 Rxd1 20. cxb7+ Kc7 21. Rfxd1 Bc5 22. Nfe5 Bxf2+ 23. Kh1 Bd4 24. Rac1 Rd8 25. Na5+ Kb6 26. Nec6 1-0